| 000 | 02077nam a22002417a 4500 | ||
|---|---|---|---|
| 003 | BD-DhCDI | ||
| 005 | 20251112034516.0 | ||
| 008 | 251112b bg ||||| |||| 00| 0 ben d | ||
| 020 |
_a9789845025287 _qhard cover |
||
| 040 |
_aBD-DhCDI _bBD-DhCDI _cBD-DhCDI |
||
| 082 |
_223 _a891.443 _bHUM 2010 |
||
| 100 |
_aআহমেদ, হুমায়ূন _d1948-2012 _eলেখক _91649 |
||
| 245 |
_aহুমায়ূন আহমেদ রচনাবলী ৩ / _cহুমায়ূন আহমেদ |
||
| 246 | _aHumayun ahmed rochona boli 3. | ||
| 260 |
_aঢাকা; _bঅন্যপ্রকাশ, _c[২০১০] |
||
| 300 |
_a615 p.: _c22 cm. |
||
| 504 | _aInclude Bibliography | ||
| 520 | _aএই বইটি বাংলাদেশের অন্যতম জনপ্রিয় কথাসাহিত্যিক হুমায়ূন আহমেদ-এর সাহিত্যজীবনের বহুমাত্রিক সাফল্যের প্রতিচ্ছবি। লেখককে তুলনা করা হয়েছে এক যাদুকরের সঙ্গে, যার প্রতিটি রচনাই পাঠকের মনে মুগ্ধতার জোয়ার আনে। তাঁর সাহিত্যকর্ম শুধু বাংলাদেশেই নয়, অনূদিত হয়ে বিদেশেও প্রশংসা কুড়িয়েছে। রচনাবলীর এই তৃতীয় খণ্ডে রয়েছে উপন্যাস, ছোটগল্প, বিজ্ঞানকল্পকাহিনি, হিমু সিরিজ, আখ্যানমালা ও নাটক—যা হুমায়ূন আহমেদ সাহিত্যের বৈচিত্র্য ও গভীরতা তুলে ধরে। | ||
| 650 | _aBengali Literature | ||
| 651 |
_aCollected Works _91650 |
||
| 700 |
_aচৌধুরী, সালেহ _eসম্পাদিত _91651 |
||
| 942 |
_2ddc _cBK |
||
| 999 |
_c903 _d903 |
||